00206nam a2200085Ia 4500001000800000005001700008008004100025245003300066260002100099114450120250827010215.0250824s9999 xx 000 0 und d 0aKÜRŞADcORHAN YENİARAS bPANAMA YAYINLARI